[Event "Guernsey Holiday op 42nd"]
[Site "Guernsey"]
[Date "2016.10.21"]
[Round "6"]
[White "Gibzinski, Stanislaw"]
[Black "Sandercock, E Barry"]
[Result "0-1"]
[WhiteElo "1384"]
[BlackElo "1701"]
[PlyCount "56"]
[EventDate "2016.10.16"]
[EventType "swiss"]
[EventRounds "7"]
[EventCountry "GCI"]
[SourceTitle "EXT 2022"]
[Source "ChessBase"]
[SourceDate "2021.10.06"]
[SourceVersion "1"]
[SourceVersionDate "2021.10.06"]
[SourceQuality "1"]

1. c4 Nf6 2. g3 g6 3. b3 Bg7 4. Bb2 d6 5. d4 0-0 6. Bg2 c6 7. Nf3 Bf5 8. 0-0 Nbd7 9. Nc3 a6 10. e4 Nxe4 11. Nxe4 Bxe4 12. Re1 f5 13. Rb1 b5 14. Rc1 b4 15. Bf1 e5 16. Ng5 Qxg5 17. dxe5 Nxe5 18. Be2 f4 19. Bxe5 dxe5 20. Qd6 Rad8 21. Qe6+ Kh8 22. Qh3 fxg3 23. hxg3 Rd2 24. Rcd1 Rxa2 25. Rd7 Bf5 26. Qg2 Bxd7 27. Bf3 Rb2 28. Rd1 Bg4 0-1

[Event "Guernsey Holiday op 42nd"]
[Site "Guernsey"]
[Date "2016.10.20"]
[Round "5"]
[White "Gibzinski, Stanislaw"]
[Black "Kershaw, Graham J"]
[Result "1/2-1/2"]
[WhiteElo "1384"]
[BlackElo "1687"]
[PlyCount "133"]
[EventDate "2016.10.16"]
[EventType "swiss"]
[EventRounds "7"]
[EventCountry "GCI"]
[SourceTitle "EXT 2022"]
[Source "ChessBase"]
[SourceDate "2021.10.06"]
[SourceVersion "1"]
[SourceVersionDate "2021.10.06"]
[SourceQuality "1"]

1. c4 e6 2. Nf3 d5 3. e3 Nf6 4. g3 dxc4 5. Qa4+ Nbd7 6. Qxc4 b6 7. Bg2 Bb7 8. 0-0 Be7 9. Nc3 0-0 10. b3 c5 11. Rd1 Rc8 12. Bb2 a6 13. Rac1 b5 14. Qd3 Qc7 15. Qb1 Qb8 16. d3 Rfd8 17. e4 e5 18. Nh4 Nf8 19. Nf5 Re8 20. Qc2 Ne6 21. Nxe7+ Rxe7 22. Nd5 Nxd5 23. exd5 Nd4 24. Qd2 Qd6 25. Re1 Rce8 26. Qc3 Rc8 27. f4 Bxd5 28. Qb4 Bxg2 29. Bxd4 Qd5 30. Rxc5 Rxc5 31. Qxc5 Qb7 32. Rxe5 Bh3 33. Qd5 Qxd5 34. Rxd5 f6 35. Kf2 Rd7 36. Rxd7 Bxd7 37. Ke3 Kf7 38. Bc5 Ke6 39. Kd4 Bc6 40. Bf8 g6 41. Kc5 Bd7 42. d4 a5 43. a3 a4 44. b4 Kf7 45. Bd6 Ke6 46. d5+ Kf5 47. Be7 g5 48. fxg5 fxg5 49. Kd6 Be8 50. Kc7 g4 51. d6 Ke6 52. Kb6 Bd7 53. Kc5 h5 54. Kd4 Be8 55. Ke4 Bf7 56. Kf4 Be8 57. Ke3 Bd7 58. Kf2 Kd5 59. Ke3 Ke5 60. Kd3 Kd5 61. Kc3 Ke5 62. Kd2 Kd4 63. Bg5 Kc4 64. Kc2 Bf5+ 65. Kb2 Kd3 66. Bf4 Bd7 67. Bg5 1/2-1/2

[Event "Guernsey Holiday op 41st"]
[Site "Guernsey"]
[Date "2015.10.24"]
[Round "7"]
[White "Gibzinski, Stanislaw"]
[Black "Beadle, John R"]
[Result "1-0"]
[WhiteElo "1281"]
[BlackElo "1643"]
[PlyCount "63"]
[EventDate "2015.10.18"]
[EventType "swiss"]
[EventRounds "7"]
[EventCountry "GCI"]
[SourceTitle "EXT 2022"]
[Source "ChessBase"]
[SourceDate "2021.10.06"]
[SourceVersion "1"]
[SourceVersionDate "2021.10.06"]
[SourceQuality "1"]

1. c4 f5 2. g3 Nf6 3. Bg2 e6 4. Nf3 d6 5. Nc3 Be7 6. 0-0 0-0 7. b3 Nbd7 8. Bb2 a6 9. Nd4 Ne5 10. f4 Nf7 11. e4 Nxe4 12. Nxe4 fxe4 13. Bxe4 Rb8 14. Qc2 h6 15. Bh7+ Kh8 16. Rae1 Bf6 17. Qg6 c5 18. Nxe6 Bxe6 19. Bxf6 Qxf6 20. Rxe6 Qxg6 21. Bxg6 Rbd8 22. Re7 Kg8 23. Rxb7 d5 24. Bxf7+ Rxf7 25. Rxf7 Kxf7 26. d3 dxc4 27. dxc4 Rd2 28. Rf2 Rd3 29. Re2 Rd1+ 30. Kf2 Kf6 31. Kf3 h5 32. h4 1-0

[Event "Guernsey Holiday op 41st"]
[Site "Guernsey"]
[Date "2015.10.23"]
[Round "6"]
[White "Vonhoff, Joerg"]
[Black "Gibzinski, Stanislaw"]
[Result "1-0"]
[WhiteElo "1728"]
[BlackElo "1281"]
[PlyCount "81"]
[EventDate "2015.10.18"]
[EventType "swiss"]
[EventRounds "7"]
[EventCountry "GCI"]
[SourceTitle "EXT 2022"]
[Source "ChessBase"]
[SourceDate "2021.10.06"]
[SourceVersion "1"]
[SourceVersionDate "2021.10.06"]
[SourceQuality "1"]

1. e4 e6 2. d4 d5 3. Nd2 dxe4 4. Nxe4 Bd7 5. Bd3 Bc6 6. c3 Nd7 7. b4 Ngf6 8. Nxf6+ Nxf6 9. Nf3 Be4 10. Bb2 Bxd3 11. Qxd3 Qd5 12. 0-0 Bd6 13. Rfe1 b5 14. Ne5 Bxe5 15. Rxe5 Qc4 16. Qxc4 bxc4 17. Rc5 Nd5 18. Rxc4 Rb8 19. a3 a5 20. Rc5 axb4 21. axb4 Kd7 22. b5 Rb6 23. c4 Ne7 24. Ra7 Rc8 25. Bc3 Rd6 26. g4 Nc6 27. bxc6+ Rxc6 28. Rxc6 Kxc6 29. f4 g6 30. Kf2 Kb6 31. Ra4 c5 32. Ke3 cxd4+ 33. Bxd4+ Kc6 34. Ra6+ Kd7 35. c5 Rc6 36. Rxc6 Kxc6 37. Ke4 Kd7 38. Ke5 Ke7 39. g5 f6+ 40. gxf6+ Kd7 41. h4 1-0

[Event "Guernsey Holiday op 41st"]
[Site "Guernsey"]
[Date "2015.10.21"]
[Round "4"]
[White "Savident, David B"]
[Black "Gibzinski, Stanislaw"]
[Result "1-0"]
[WhiteElo "1704"]
[BlackElo "1281"]
[PlyCount "69"]
[EventDate "2015.10.18"]
[EventType "swiss"]
[EventRounds "7"]
[EventCountry "GCI"]
[SourceTitle "EXT 2022"]
[Source "ChessBase"]
[SourceDate "2021.10.06"]
[SourceVersion "1"]
[SourceVersionDate "2021.10.06"]
[SourceQuality "1"]

1. c4 e6 2. Nc3 Nf6 3. g3 d5 4. cxd5 exd5 5. Bg2 c6 6. e3 Bf5 7. Nf3 Nbd7 8. 0-0 Be7 9. d4 0-0 10. b3 Qa5 11. Bb2 Bb4 12. Ne2 Rfe8 13. Nh4 Be4 14. a3 Bxg2 15. axb4 Qxb4 16. Kxg2 Ng4 17. Qd3 Ndf6 18. h3 Nh6 19. Ba3 Qb6 20. Nf3 Ne4 21. Nd2 Nxd2 22. Qxd2 Qxb3 23. Rfb1 Qc4 24. Rb4 Qa6 25. Bb2 Qxa1 26. Bxa1 b6 27. g4 c5 28. dxc5 bxc5 29. Rb7 Red8 30. Qc3 d4 31. exd4 cxd4 32. Nxd4 Rd6 33. Nf5 Nxf5 34. gxf5 f6 35. Qc7 1-0

[Event "Guernsey Holiday op 41st"]
[Site "Guernsey"]
[Date "2015.10.20"]
[Round "3"]
[White "Gibzinski, Stanislaw"]
[Black "Stuart, Brian"]
[Result "0-1"]
[WhiteElo "1281"]
[BlackElo "1758"]
[PlyCount "74"]
[EventDate "2015.10.18"]
[EventType "swiss"]
[EventRounds "7"]
[EventCountry "GCI"]
[SourceTitle "EXT 2022"]
[Source "ChessBase"]
[SourceDate "2021.10.06"]
[SourceVersion "1"]
[SourceVersionDate "2021.10.06"]
[SourceQuality "1"]

1. c4 Nf6 2. g3 g6 3. Bg2 Bg7 4. Nf3 0-0 5. 0-0 d6 6. Nc3 c5 7. d4 cxd4 8. Nxd4 a6 9. a4 Qc7 10. Qd3 Nc6 11. Nc2 Ne5 12. Nd5 Nxd5 13. Qxd5 Nxc4 14. Rb1 Nb6 15. Qd3 Nxa4 16. Nb4 Bf5 17. e4 Be6 18. Nd5 Bxd5 19. Qxd5 Rac8 20. Qa2 Qc2 21. e5 Nc3 22. Qa3 Nxb1 23. Qa5 Rc5 24. Qb6 Rb5 25. Qa7 Bxe5 26. Bg5 Nd2 27. Re1 Rxb2 28. Bxe7 Rb1 29. Qe3 Rxe1+ 30. Qxe1 Rc8 31. Bxb7 Qc1 32. Qxc1 Rxc1+ 33. Kg2 Rc7 34. Bg5 Rxb7 35. Bxd2 Rb2 36. Be3 a5 37. Bc1 a4 0-1

[Event "Guernsey Holiday op"]
[Site "Guernsey"]
[Date "2012.10.22"]
[Round "2"]
[White "Gibzinski, Stanislaw"]
[Black "Bakkes, Frits"]
[Result "0-1"]
[WhiteElo "1237"]
[BlackElo "1619"]
[PlyCount "74"]
[EventDate "2012.10.21"]
[EventType "swiss"]
[EventRounds "7"]
[EventCountry "GCI"]
[SourceTitle "EXT 2015"]
[Source "ChessBase"]
[SourceDate "2014.11.20"]
[SourceVersion "1"]
[SourceVersionDate "2014.11.20"]
[SourceQuality "1"]

1. c4 e5 2. g3 Nf6 3. Bg2 c6 4. d4 Bb4+ 5. Bd2 Bxd2+ 6. Qxd2 exd4 7. Qxd4 0-0 8. Nf3 Na6 9. 0-0 d5 10. Nc3 Nb4 11. Rac1 dxc4 12. Qxc4 Qe7 13. a3 Na6 14. Ng5 h6 15. Nge4 Be6 16. Nxf6+ Qxf6 17. Ne4 Qxb2 18. Qd3 Rad8 19. Qe3 Ba2 20. Qxa7 Ra8 21. Qe3 Rfe8 22. Qd2 Qxd2 23. Nxd2 Rxe2 24. Ne4 Bd5 25. Nd6 Bxg2 26. Kxg2 Rb2 27. Rfe1 Nc7 28. Re7 Rd8 29. Nxf7 Rdd2 30. Rxc7 Rxf2+ 31. Kh3 h5 32. Rh1 Rxf7 33. Rxf7 Kxf7 34. Rf1+ Kg6 35. Rf4 c5 36. Rc4 b6 37. a4 Rb4 0-1

[Event "Guernsey Holiday op"]
[Site "Guernsey"]
[Date "2011.10.18"]
[Round "3"]
[White "Gibzinski, Stanislaw"]
[Black "Borland, Thomas E"]
[Result "0-1"]
[WhiteElo "1216"]
[BlackElo "1623"]
[PlyCount "64"]
[EventDate "2011.10.16"]
[EventType "swiss"]
[EventRounds "7"]
[EventCountry "GCI"]
[SourceTitle "EXT 2015"]
[Source "ChessBase"]
[SourceDate "2014.11.20"]
[SourceVersion "1"]
[SourceVersionDate "2014.11.20"]
[SourceQuality "1"]

1. c4 Nf6 2. g3 g6 3. Bg2 Bg7 4. Nc3 0-0 5. e3 d6 6. Nge2 c5 7. 0-0 Nc6 8. a3 Rb8 9. d4 a6 10. b3 Bd7 11. Bb2 Na5 12. Nf4 b5 13. Ncd5 bxc4 14. b4 cxd4 15. Nxf6+ Bxf6 16. Nd5 Bg7 17. Bxd4 Bxd4 18. exd4 Nb3 19. Rb1 e6 20. Nf4 Qf6 21. d5 e5 22. Ne2 Bf5 23. Rb2 Bd3 24. f4 e4 25. Ra2 Nd4 26. Nc3 Nf3+ 27. Rxf3 Qxc3 28. Re3 Qd4 29. Qe1 Rfe8 30. Rd2 c3 31. Rd1 c2 32. Rdxd3 exd3 0-1